| 000 | 01325cad a2200229 4500 | ||
|---|---|---|---|
| 008 | 000000n2010 000 0 eng u | ||
| 020 | _a9780203927571 | ||
| 035 | _a(Sirsi) u150940 | ||
| 041 | 0 | _aeng | |
| 100 | _aIllston, J.M. | ||
| 245 |
_aConstruction materials _btheir nature and behaviour _h[electronic resource] |
||
| 250 | _a4th ed. | ||
| 260 |
_aLondon _bTaylor & Francis _c2010 |
||
| 300 | _aeBook | ||
| 505 | 2 | _aFundamentals -- Metals and alloys -- Concrete -- Bituminous materials -- Masonry: Brickwork, blockwork and stonework -- Polymers -- Fibre Composites -- Timber -- Glass -- Selection and sustainable use of construction materials | |
| 520 | _aThe fourth edition of this eBook provides coverage of the main construction materials for undergraduates, graduates and professionals. Materials covered include metals and alloys, concrete, bituminous materials, brickwork and blockwork, polymers, fibre composites and timber. An introductory 'fundamentals' section provides a materials science approach to the structure and behaviour of materials in general. | ||
| 651 | 4 | _aENGLAND AND WALES | |
| 690 | _aBUILT ENVIRONMENT-BUILDING MATERIALS | ||
| 700 | _aDomone, P.L.J. | ||
| 856 | 4 | 0 |
_uhttps://www.vlebooks.com/ _zView on VLEbooks. Logins for members only from [email protected] |
| 942 | _n0 | ||
| 999 |
_c111042 _d111042 |
||